000 00535nam a2200181Ia 4500
005 20250508152127.0
008 008 250505s9999 xx 000 0 eng d
037 _aTextual
040 _aFEDL
_beng
_cFEDL
041 _aeng
_2eng
084 _a621.3, BIS
_qFEDL
100 _aBishop D O
_9760815
245 0 _aElectrical engineering : Eletric power, telecommunications and electronics
260 _aLondon, UK
_bRobert Hale Ltd.
_c1957
300 _a106p.
942 _cTEXL
_h621.3, BIS
999 _c1334436
_d1334436